| 000 | 01300nam0a2200373 i 4500 | ||
|---|---|---|---|
| 001 | RU\NLR\BIBL_A\012409623 | ||
| 005 | 20260406055127.0 | ||
| 010 |
_a9785171233082 _91500 |
||
| 021 |
_aRU _b2020-48813 _9КН-П-3696 |
||
| 035 | _a(RuMoRGB)010402715 | ||
| 035 | _a(NLR Aleph) 012409623 | ||
| 090 |
_a11768742 _c11768742 |
||
| 100 | _a20201123d2020 u y0rusy50 ca | ||
| 101 | 1 |
_arus _ceng |
|
| 102 | _aRU | ||
| 105 | _ay|||z|||000zy | ||
| 181 | 0 |
_ai _baxxe |
|
| 182 | 0 | _an | |
| 200 | 1 |
_aБрак и мораль _fБертран Рассел _g[перевод с английского В. Желнинова] |
|
| 203 |
_aТекст _bвизуальный _cнепосредственный |
||
| 210 |
_aМосква _cАСТ _d2020 |
||
| 215 |
_a287 с. _d21 |
||
| 225 | 1 | _aСерия "Философия - Neoclassic " | |
| 225 | 1 | _aPhilosophy | |
| 320 | _aБиблиогр. в подстроч. примеч. | ||
| 333 | _a16+ | ||
| 606 |
_aСемья и брак _xСоциокультурные проблемы _92235454 _3RU\NLR\AUTH\661341599 |
||
| 686 | 1 | _aЮ3(4Вл)6-665.1 | |
| 686 | 1 | _aС550.537 | |
| 700 | 1 |
_8rus _7ca _aРассел _bБ. _f1872-1970 _gБертран _3RU\NLR\AUTH\779549 _9119374 |
|
| 942 | _cBOOK | ||
| 980 | _aNBR | ||